000
00209nam a22000857a 4500
008
170617b xxu||||| |||| 00| 0 eng d
100
_9
3493
_a
Singh. A. K
245
_a
Indian post
260
_a
New Delhi
_b
N. B. T
_c
2009
999
_c
6876
_d
6876